LEADER 00696nam0 2200241 450 001 000001199 005 20030910121602.0 010 $a88-348-5284-2 100 $a20000410d1996----km-y0itay50------ba 101 0 $aita 102 $aIT 200 1 $aDiritto sindacale$fLuisa Galantino 205 $a6. ed. ampliata ed aggiornata al 31 dicembre 1995 210 $aTorino$cGiappichelli$d1996c 215 $aXV, 306 p.$d24 cm 610 1 $aDiritto sindacale 676 $a344.450188 700 1$aGalantino,$bLuisa$0133027 801 0$aIT $bUNIPARTHENOPE $gRICA $2UNIMARC 912 $a000001199 951 $cNAVA1$a344-D/19$b32627$d20000410 996 $aDiritto sindacale$9208153 997 $aUNIPARTHENOPE LEADER 01010nam0-22002891i-450- 001 990000636600403321 005 20001010 035 $a000063660 035 $aFED01000063660 035 $a(Aleph)000063660FED01 035 $a000063660 100 $a20001010d--------km-y0itay50------ba 101 0 $aita 105 $ay-------001yy 200 1 $aTENSIONI INTERNE IN UNA VOLTA DA PONTE , PRODOTTE DALLA SUA PARZIALE O TOTALE SOMMERSIONE IN UN LIQUIDO STAGNANTE$fGUIDI C. 210 $aTorino$cs.e.$d1924 300 $aAtti della Reale Accademia delle Scienze di Torino 610 0 $aAtti ed Estratti di Università ed Istituti Universitari Italiani 700 1$aGuidi,$bCamillo$f<1853-1941>$0961 801 0$aIT$bUNINA$gRICA$2UNIMARC 901 $aBK 912 $a990000636600403321 952 $a07 U/1866$b$fDINSC 959 $aDINSC 996 $aTENSIONI INTERNE IN UNA VOLTA DA PONTE , PRODOTTE DALLA SUA PARZIALE O TOTALE SOMMERSIONE IN UN LIQUIDO STAGNANTE$9314907 997 $aUNINA DB $aING01